01440cam a22002891 4500001001300000003000400013005001700017007001500034008004100049010001700090035001900107040004600126050002300172051001900195100005600214245010400270260004400374300008000418440004800498501031600546530006900862651003200931650005600963700002801019700005201047856005101099gs 16000347 DLC20260227111319.0cr_|||||||||||810220s1916 dcubf f000 0 eng c ags 16000347  a(OCoLC)7145111 aU.S.Geol.Survey. LibrarycCMJdOCoLCdDLC00aTC801b.U2 no. 398 aGB1025.C2bM661 aMendenhall, Walter C.q(Walter Curran),d1871-1957.10aGround water in San Joaquin Valley, California /cby W.C. Mendenhall, R.B. Dole and Herman Stabler. aWashington :bGovt. Print. Off.,c1916. a310 p., [14] leaves of plates :bmaps (some fold.), tables, diagrs.c23 cm. 0aGeological Survey water-supply paper ;v398 aTC801.U2 no. 398 with: Ground water in the Waterbury area, Connecticut / by Arthur J. Ellis under the direction of Herbert E. Gregory ; prepared in cooperation with the Connecticut State Geological and Natural History Survey. Washington : Govt. Print. Off., 1916. Bound together subsequent to publication.5DLC aAlso available in digital form on the Internet Archive Web site. 0aSan Joaquin Valley (Calif.) 0aWater-supplyzCaliforniazSan Joaquin River Valley.1 aStabler, Herman,d1880-1 aDole, Richard B.q(Richard Bryant),d1880-1917.41uhttp://hdl.loc.gov/loc.gdc/scd0001.00199536254